000 01613cam a2200361 a 4500
001 15035555
003 SISC
005 20160714120336.0
008 071005s2008 nyua f 000 0 eng
010 _a 2007041287
015 _aGBA815328
_2bnb
016 7 _a014513655
_2Uk
020 _a9781612680668
035 _a(OCoLC)ocn174134098
040 _aDLC
_cDLC
_dDLC
050 0 0 _aHG 179
_b.K5654 2008
082 0 0 _a332.024/01
100 1 _aKiyosaki, Robert T.,
_d1947-
245 1 0 _aRich dad's increase your financial IQ :
_bget smarter with your money /
_cRobert T. Kiyosaki.
246 3 0 _aIncrease your financial IQ
250 _a1st ed.
260 _aAZ, USA :
_bPlata Publishing,
_c2013.
300 _axviii, 318 p. :
_bill. ;
_c18 cm.
490 1 _aRich dad
520 _aEmphasizes the importance of financial intelligence to good money management and describes how to improve financial information and increase, protect, budget, and leverage money.
650 0 _aFinance, Personal
_vHandbooks, manuals, etc.
800 1 _aKiyosaki, Robert T.,
_d1947-
_tRich dad series.
856 4 2 _3Contributor biographical information
_uhttp://www.loc.gov/catdir/enhancements/fy1005/2007041287-b.html
856 4 2 _3Publisher description
_uhttp://www.loc.gov/catdir/enhancements/fy1005/2007041287-d.html
906 _a7
_bcbc
_corignew
_d1
_eecip
_f20
_gy-gencatlg
942 _2lcc
_cBK
999 _c297718
_d297718